| 000 | 01362cam a2200361 a 4500 | ||
|---|---|---|---|
| 999 |
_c129320 _d129320 |
||
| 001 | 15095949 | ||
| 003 | ARRUPE | ||
| 005 | 20190329115208.0 | ||
| 008 | 071128s2004 nyu b 001 0 eng d | ||
| 010 | _a 2007282309 | ||
| 020 | _a041597254X (hardcover) | ||
| 020 | _a9780415972543 (hardcover) | ||
| 020 | _a0415972558 (pbk.) | ||
| 020 | _a9780415972550 (pbk.) | ||
| 035 | _a(OCoLC)ocm56619885 | ||
| 040 |
_aMIA _cMIA _dOCL _dBAKER _dNLGGC _dYDXCP _dBTCTA _dDLC |
||
| 042 | _alccopycat | ||
| 050 | 0 | 0 |
_aBF531 _b.A585 2004 |
| 082 | 0 | 0 |
_a152.4 _222 |
| 084 |
_a73.85 _2bcl |
||
| 100 | 1 |
_aAhmed, Sara, _d1969- _945598 |
|
| 245 | 1 | 4 |
_aThe cultural politics of emotion / _cSara Ahmed. |
| 260 |
_aNew York : _bRoutledge, _c2004. |
||
| 300 |
_avii, 224 p. ; _c24 cm. |
||
| 504 | _aIncludes bibliographical references (p. [204]-216) and index. | ||
| 650 | 0 |
_aEmotions _xSocial aspects. _945599 |
|
| 650 | 0 |
_aPolitical psychology. _945600 |
|
| 650 | 0 |
_aPolitical culture. _918975 |
|
| 856 | 4 | 2 |
_3Publisher description _uhttp://www.loc.gov/catdir/enhancements/fy0808/2007282309-d.html |
| 906 |
_a7 _bcbc _ccopycat _d2 _encip _f20 _gy-gencatlg |
||
| 942 |
_2lcc _cMONOGRAPH |
||